| 000 | 00993cam a2200277 i 4500 | ||
|---|---|---|---|
| 999 |
_c64162 _d64136 |
||
| 001 | 2760570 | ||
| 003 | OSt | ||
| 005 | 20180621151717.0 | ||
| 008 | 790709s1976 it af b 000 0 eng | ||
| 010 | _a 79307987 | ||
| 015 | _aIt*** | ||
| 040 |
_aDLC _cDLC _dDLC |
||
| 050 | 0 | 0 |
_aPL8086.B12 _bT5 1976 |
| 082 | 0 | 0 | _a496/.5 |
| 100 | 1 |
_aThayer, Linda J. _945883 |
|
| 245 | 1 | 2 |
_aA comparative-historical phonology of the Chari languages : _bNilo-Saharan languges of Central Africa/ _cLinda J. Thayer. |
| 260 |
_aNapoli : _bIstituto orientale di Napoli, _c1976. |
||
| 300 |
_a151 p., [1] leaf of plates ; _cill. ; _c24 cm. |
||
| 490 | 1 | _aSupplemento agli Annali - Istituto orientale di Napol ; n. 9 | |
| 504 | _aBibliography: p. [146]-148. | ||
| 650 | 0 |
_aBongo-Bagirmi languages _xPhonology. _945884 |
|
| 650 | 0 |
_aBongo-Bagirmi languages _xClassification. _945885 |
|
| 830 | 0 |
_aSupplemento ... agli Annali ; _vn. 9. _945886 |
|
| 906 |
_a7 _bcbc _corignew _d3 _encip _f19 _gy-gencatlg |
||
| 942 | _cS | ||